00516nam a2200169Ia 450000500170000000800410001704000190005804100120007708200240008910000250011324500700013826000280020830000100023665000670024665100230031385000100033620230425141353.0131103s9999 xx 000 0 und d aLoreto College aEnglish aTAG 891.44bTAG-BHA aBhattacharya, Sourin aKano amra Rabindranathka chai abong kibhabaycSourin Bhattacharya aCalcuttabAnustupc2007 a206p  aTagora, Rabindranath, 1861-1941 - Criticism and Interpretation aBengali Literature aLCLIB